Posúdenie vhodnosti zvárania ocele 11 523 pri výrobe uzlov zváraných žeriavov : Diplomová práca

Na minha lista:
Detalhes bibliográficos
Autor principal: Kováčik, Jozef (Author)
Outros Autores: Ryban, Dušan (xxx)
Formato: Manuscrito Livro
Idioma:eslovaco
Publicado em: Trnava : SVŠT v Bratislave StF KZZaPM, 1990
Assuntos:
Tags: Adicionar Tag
Sem tags, seja o primeiro a adicionar uma tag!

MARC

LEADER 00000ntm a22000003a 4500
001 stu91213
005 20160719162647.5
008 041025s1990----cs------------------slo-d
040 |a STU  |b slo 
041 0 |a slo 
044 |a cs 
100 1 |a Kováčik, Jozef  |4 aut 
245 1 |a Posúdenie vhodnosti zvárania ocele 11 523 pri výrobe uzlov zváraných žeriavov :  |b Diplomová práca 
260 |a Trnava :  |b SVŠT v Bratislave StF KZZaPM,  |c 1990 
300 |a 75 s 
650 7 |a strojárska technológia  |2 stusub 
650 7 |a zváranie  |2 stusub 
700 1 |a Ryban, Dušan  |4 xxx  |u M140  |T MTF Katedra zvárania  |U M140  |Y M140 
996 |b 284M060874  |c M*DP-2469  |l MMSKP  |s P  |a 0  |w stu91213_0001